Statistics for Geography - the number of letters from 2 to 13 #1

Click here to take the quiz!

General Stats

  • This quiz has been taken 22 times
    (21 since last reset)
  • The average score is 7 of 12

Answer Stats

HintNumer of lettersAnswer% Correct
One of the Great Lakes of North America.4Erie
100%
British Overseas Territory on the southern coast of the Iberian Peninsula in Southern Europe.9Gibraltar
90%
The city was founded by Idris I in the 8th century CE. In 807, the next ruler, Idris II, established the first capital of Morocco here.3Fez
80%
A city in Russia, the capital of Primorsky Krai. The end point of the Trans-Siberian Railway.11Vladivostok
80%
River in the Asian part of Russia, in the West Siberian Lowland.2Ob
70%
Canada's largest territory.7Nunavut
65%
The Norwegian province in the Arctic Ocean, encompassing the archipelago, the largest island of which is Spitsbergen.8Svalbard
60%
The city is located on the Shatt Al Arab waterway near the Persian Gulf. It is the second largest city in Iraq.5Basra
45%
Tunisian island in the Mediterranean Sea. It has been connected with the African continent by a dyke since Roman times.6Djerba
25%
The capital of the archipelago from the question - 8 letters. It has over 1.8 thousand inhabitants.12Longyearbyen
25%
Eight thousand meters high, the highest point in India, the second highest peak in the Himalayas, the third highest peak in the Earth.13Kangchenjunga
20%
Characteristically shaped rock formation located in Norway on the edge of the Hardangervidda plateau. The name means troll tongue.10Trolltunga
15%

Score Distribution

Percentile by Number Answered

Percent of People with Each Score

Your Score History

You have not taken this quiz since the last reset